Statistics for Capitals Of Countries Bordering France

Click here to take the quiz!

General Stats

  • This quiz has been taken 31 times
  • The average score is 7 of 8

Answer Stats

Capital% Correct
Madrid
100%
Bern
97%
Brussels
97%
Berlin
93%
Rome
93%
Andorra La Vella
90%
Monaco
90%
Luxembourg
86%

Score Distribution

Percentile by Number Answered

Percent of People with Each Score

Your Score History

You have not taken this quiz